Practice tests for RSA: English as a Foreign Language. Stage Two

Uloženo v:
Podrobná bibliografie
Hlavní autoři: Edmonds, Stephen (Autor), Frizell, Richard (Autor), Kindler, Don (Autor)
Médium: Kniha
Jazyk:angličtina
Vydáno: Londres Thomas Nelson and Sons Limited 1979
Témata:
Tagy: Přidat tag
Žádné tagy, Buďte první, kdo vytvoří štítek k tomuto záznamu!

MARC

LEADER 00000cam a2200000 a 4500
001 UCF3796
003 CL-VaPUC
008 121031e19790000UK |||||||||||||||||eng|d
082 0 4 |a 425  |b EDM  |2 21 
100 0 |a Edmonds, Stephen  |e author  |9 565515 
700 0 |a Frizell, Richard  |e author  |9 565516 
700 0 |a Kindler, Don  |e author  |9 565517 
245 1 0 |a Practice tests for RSA: English as a Foreign Language. Stage Two 
300 |a 60 p 
942 |c BK 
945 |d 20121031 00:00:00  |a dcastane 
260 |a Londres  |b Thomas Nelson and Sons Limited  |c 1979 
650 0 |a Inglés  |9 260023 
650 7 |a INGLES GRAMATICA  |2 CL-VaPUC  |9 313180 
650 7 |a INGLES EJERCICIOS  |2 CL-VaPUC  |9 565518 
583 |a last modification  |c 20121031 10:09:00  |k Rodrigo Vera 
999 |c 349926  |d 349924 
952 |0 0  |1 0  |4 0  |6 425_000000000000000_EDM_1979  |7 0  |8 A  |9 452813  |a BIBEDU  |b BIBEDU  |d 2019-11-22  |i 4809653  |o 425 EDM 1979  |p 4809653  |r 2019-11-22  |w 2019-11-22  |y BK  |k LIT